000 01077cab a2200349 4500
001 ABS57162
008 090401t1997 xxu||||| |||| 00| 0 eng d
035 _a(Sirsi) u79123
041 _aeng
100 _aWebber, G.
245 _aIs it really realty?
260 _c1997
350 _a0
490 _aSolicitors` Journal
_v141(23) 13 June 1997, 565(1)
520 _aDiscusses the HL decision in "Elitestone Ltd v Morris" (ABS57015) which held that you can have a tenancy agreement on a mobile home and not just on the land it stands on.
650 _aCARAVAN SITES ACT 1968
650 _aCHALETS
650 _aCHATTELS
650 _aELITESTONE LTD V MORRIS
650 _aFIXTURES
650 _aLAND
650 _aMOBILE HOME
650 _aMOBILE HOMES ACT 1983
650 _aPOSSESSION
650 _aPROTECTED TENANCIES
650 _aRENT ACT 1977
650 _aSTATUTORY TENANCIES
650 _aSTRUCTURES
690 _aPROPERTY-RESIDENTIAL PROPERTY-RESIDENTIAL LANDLORD AND TENANT-RESIDENTIAL TENANCIES
942 _n0
948 _c23/06/1997
999 _c49729
_d49729